000 00806nam a2200229Ia 4500
003 GCL
008 140319s9999 xx 000 0 ara d
020 _a7202314977
040 _aGCL /
_cGCL
082 0 4 _aق
_b725.17
_bع ق
100 1 _aعبدالمنصف سالم نجم
245 1 0 _aقصر اسماعيل صديق باشا المفتش :
_b1285-1287 هـ \ 1868-1870 م بلاظ أوغلى /
_cعبدالمنصف سالم نجم
250 _aالاولى
260 _aالقاهرة :
_bمكتبة زهراء الشرق ،
_c2003
300 _a90 ص ؛
_c24 سم
650 0 4 _aالعمارة المصرية
650 0 4 _aالمبانى التاريخية
650 0 4 _aالعمارة المنزلية
650 0 4 _aالقصور
650 0 4 _aالقاهرة - قصور
942 _2ddc
_cBK
999 _c6320
_d6320